[Event "e2e4 Sunningdale Open"]
[Site "Ascot ENG"]
[Date "2013.05.26"]
[Round "4"]
[White "Bird,A"]
[Black "Oussedik,E"]
[Result "1-0"]
[WhiteElo "2190"]
[BlackElo "2010"]

1.Nf3 Nf6 2.c4 c5 3.Nc3 b6 4.d4 cxd4 5.Nxd4 Bb7 6.f3 d6 7.e4 Nbd7 8.Be2 a6
9.O-O e6 10.Be3 Be7 11.a4 Rb8 12.b4 O-O 13.b5 a5 14.Nb3 Rc8 15.Rc1 Qc7 16.Qe1 Qb8
17.Qf2 Bd8 18.Rfd1 Re8 19.g4 g6 20.g5 Nh5 21.f4 Ng7 22.h4 Rf8 23.Qf1 f5 24.e5 Nxe5
25.fxe5 dxe5 26.c5 f4 27.Bf2 bxc5 28.Nxc5 f3 29.Bc4 Rf4 30.Nxe6 Rcxc4 31.Rxd8+ Qxd8
32.Nxd8 Rg4+ 33.Kh2 Bc8 34.Ne4 Rcxe4 35.Rxc8 Nf5 36.Qd3 Rg2+ 37.Kh1 Rxf2
38.Qd5+ Kh8 39.Ne6+  1-0

[Event "Gligoric Cup 2013"]
[Site "Banja Koviljaca SRB"]
[Date "2013.05.26"]
[Round "7.4"]
[White "Govedarica,R"]
[Black "Arsovic,Z"]
[Result "1/2-1/2"]
[WhiteElo "2417"]
[BlackElo "2434"]

1.c4 Nf6 2.Nf3 c5 3.Nc3 e6 4.g3 b6 5.Bg2 Bb7 6.O-O a6 7.d4 cxd4 8.Qxd4 d6
9.Rd1 Be7 10.e4 Nbd7 11.b3 Qc8 12.Bb2 O-O 13.Rac1 Rd8 14.h3 Qc7 15.Qe3 Bf8
16.Nd4 Rac8 17.Kh2 Re8 18.Qd2 Qb8 19.Re1 g6 20.Rcd1 Rcd8 21.Kg1 Nc5  1/2-1/2

[Event "4th Hainan Danzhou GM"]
[Site "Danzhou CHN"]
[Date "2013.05.27"]
[Round "7.3"]
[White "Wen Yang"]
[Black "Xiu Deshun"]
[Result "1-0"]
[WhiteElo "2618"]
[BlackElo "2534"]

1.c4 e6 2.Nc3 c5 3.Nf3 Nf6 4.e4 Nc6 5.Be2 Qb6 6.O-O d6 7.a3 a5 8.d3 Be7 9.h3 Bd7
10.Be3 e5 11.Rb1 O-O 12.Nh2 Nd4 13.f4 exf4 14.Bxf4 Be6 15.Kh1 Nd7 16.Ng4 Qd8
17.Bh2 Re8 18.Bf3 a4 19.Ne3 Bg5 20.Nc2 Nb3 21.Rf2 Ne5 22.Be2 Nd2 23.Ra1 Bh4
24.g3 Bg5 25.Bf1 Nxf1 26.Qxf1 Qd7 27.g4 h5 28.Bf4 Bxf4 29.Rxf4 hxg4 30.Ne3 Ng6
31.hxg4 Qe7 32.Rf2 Qg5 33.Re1 Ne5 34.Rg2 Nxd3 35.Qxd3 Qh4+ 36.Rh2 Qxe1+ 37.Kg2 Qc1
38.Qe2 Bxc4 39.Nxc4 Qf4 40.Qf3 Qxf3+ 41.Kxf3 Re6 42.Rd2 Rd8 43.e5 d5 44.Nxd5 Ree8
45.Kf4 Rb8 46.Nd6 Re6 47.Nf5 g6 48.Nd6 Kg7 49.Ne4 Rh8 50.Nxc5 Rc6 51.Ne4 Rd8
52.Nd6 Rc1 53.Nf6 Kf8 54.Nfe4 Ke7 55.Ke3 Re1+ 56.Kd4 Rf1 57.Kd5 Rh8 58.Nxb7 Rb8
59.Nbc5 Rd8+ 60.Nd6 f6 61.Rh2 fxe5 62.Kxe5 Re1+ 63.Nde4 Kf7 64.Rh7+ Kg8 65.Ra7 Rb8
66.Kf6 Kh8 67.Kg5 Rc8 68.Rxa4  1-0

[Event "Hungarian National Open 2013"]
[Site "Zalakaros HUN"]
[Date "2013.05.27"]
[Round "6"]
[White "Varga,Me"]
[Black "Wukits,R"]
[Result "1-0"]
[WhiteElo "2213"]
[BlackElo "2292"]

1.Nf3 Nf6 2.c4 c5 3.Nc3 e6 4.g3 b6 5.Bg2 Bb7 6.O-O Be7 7.Re1 Ne4 8.Qc2 Nxc3
9.dxc3 Qc7 10.Bf4 d6 11.Rad1 h6 12.e4 e5 13.Bc1 Nd7 14.Nd2 g6 15.Nf1 Nf6
16.Ne3 Kf8 17.f4 Kg7 18.Rf1 exf4 19.gxf4 Rab8 20.e5 dxe5 21.fxe5 Qxe5 22.Rde1 Qc7
23.Qf2 Rbf8 24.Bd5 Bc8 25.Kh1 Be6 26.Rg1 Kh7 27.Qg2 Rhg8 28.Bxe6 fxe6 29.Qh3 Nh5
30.Qxe6 Nf4 31.Qe4 Nh3 32.Ng4 Bh4 33.Re2 Re8 34.Ne5 Nxg1 35.Qxh4 Rg7 36.Qxh6+ Kg8
37.Kxg1 Rxe5 38.Bf4 Rh5  1-0

[Event "40 Yrs Beer Sheva CC"]
[Site "Beer Sheva ISR"]
[Date "2013.05.29"]
[Round "11"]
[White "Greenfeld,A"]
[Black "Fedorchuk,S"]
[Result "1/2-1/2"]
[WhiteElo "2538"]
[BlackElo "2660"]

1.Nf3 Nf6 2.c4 b6 3.Nc3 c5 4.e4 Bb7 5.e5 Ng8 6.d4 cxd4 7.Nxd4 Nc6 8.Bf4 g6
9.Be2 Bg7 10.Bf3 Qc8 11.O-O Nxe5 12.Bxb7 Qxb7 13.Nd5 d6 14.Nb5 Kf8 15.Bxe5 Bxe5
16.f4 Bf6 17.f5 Kg7 18.Qf3 a6 19.Nbc7 Rc8 20.Ne8+ Kf8 21.fxg6 hxg6 22.Nexf6 exf6
23.Qf4 b5 24.Qxd6+ Kg7 25.cxb5 Rc2 26.b6 Rh5 27.Rad1 Rxb2 28.Qc7 Qa8 29.Nf4 Rhb5
30.Ne6+ Kh8 31.Rf3 fxe6 32.Rd7 Rh5 33.Rd8 Rb1+ 34.Kf2 Qe4 35.Rxg8+ Kxg8 36.Qd8+ Kh7
37.Qe7+ Kh6 38.Qf8+ Kh7 39.Qf7+  1/2-1/2

[Event "La Punta Closed 2013"]
[Site "San Luis ARG"]
[Date "2013.05.29"]
[Round "6.3"]
[White "Flores,Di"]
[Black "Contin,D"]
[Result "1-0"]
[WhiteElo "2586"]
[BlackElo "2349"]

1.c4 c5 2.Nf3 Nf6 3.Nc3 g6 4.g3 b6 5.Bg2 Bb7 6.e3 Bg7 7.d4 Ne4 8.Qd3 Nxc3
9.bxc3 Nc6 10.O-O O-O 11.e4 d6 12.Be3 Qd7 13.Nd2 cxd4 14.cxd4 e5 15.d5 Na5
16.Nb3 Ba6 17.Nxa5 bxa5 18.Rfc1 Rab8 19.Qa3 Rb4 20.c5 Ra4 21.c6 Rxa3 22.cxd7 Rxe3
23.fxe3 Bh6 24.Kf2 f5 25.exf5 Rxf5+ 26.Ke1 Rf8 27.Rc6 Bb5 28.a4 Bd3 29.Rc8 Bg5
30.Rac1  1-0

[Event "70th ch-GEO w 2013"]
[Site "Tbilisi GEO"]
[Date "2013.05.29"]
[Round "3.6"]
[White "Guramishvili,S"]
[Black "Arabidze,M"]
[Result "1-0"]
[WhiteElo "2426"]
[BlackElo "2348"]

1.Nf3 c5 2.c4 Nf6 3.Nc3 g6 4.d4 cxd4 5.Nxd4 Bg7 6.g3 O-O 7.Bg2 Nc6 8.O-O a6
9.Rb1 Nxd4 10.Qxd4 d6 11.Qh4 Rb8 12.Bg5 Be6 13.Ne4 Nxe4 14.Bxe4 Re8 15.b3 Qd7
16.Rfd1 Rbc8 17.Rbc1 Rc5 18.Bf3 Bf5 19.g4 Be6 20.Be3 Rcc8 21.Bb6 h6 22.a4 Bb2
23.Rb1 Bf6 24.Qg3 Rc6 25.Bxc6 bxc6 26.h3 Qb7 27.Be3 Bg7 28.Qh4 g5 29.Qg3 c5
30.f3 Bf6 31.Qe1 Kg7 32.a5 Qc7 33.Kg2 Rb8 34.Qd2 Rh8 35.Rdc1 Qc6 36.b4 cxb4
37.Rxb4 Qc7 38.Rb6 Bxc4 39.Rxa6 Rc8 40.Rb6 d5 41.a6 e5 42.Bf2 d4 43.Qb2 Qa7
44.Qb4 Be7 45.Qb2 Bd8 46.Rd6 Qc7 47.Rxd8 Qxd8 48.a7 Bd5 49.Rxc8 Qxc8 50.Qb8 Qc6
51.Qxe5+ f6 52.Qxd4 Qb7 53.Qc5 Kf7 54.Qc2 Kg7 55.Bd4 Qa6 56.Qb2 Kf7 57.e4 Ba8
58.Qb3+ Kg7 59.Qb4 Kf7 60.Bf2 Qc6 61.Qb8 Kg7 62.Qd8 Bb7 63.Bd4 Qc2+ 64.Kg3 Qc6
65.Qe7+ Kg6 66.Qf8 Qc7+ 67.e5 Kh7 68.a8=Q Bxa8 69.Qxa8 fxe5 70.Qe4+  1-0

[Event "6th Mayors Cup 2013"]
[Site "Mumbai IND"]
[Date "2013.05.31"]
[Round "4"]
[White "Malakhatko,V"]
[Black "Udeshi,A"]
[Result "1/2-1/2"]
[WhiteElo "2552"]
[BlackElo "2416"]

1.Nf3 Nf6 2.c4 e6 3.Nc3 c5 4.g3 a6 5.Bg2 Qc7 6.O-O Be7 7.b3 O-O 8.Bb2 b6
9.Rc1 Bb7 10.e3 d6 11.d4 Nbd7 12.d5 e5 13.Nh4 g6 14.f4 Ne8 15.Nf3 exf4 16.exf4 Bf6
17.Qd2 Bg7 18.a3 Nef6 19.Rce1 Rae8 20.a4 Qd8 21.g4 Rxe1 22.Nxe1 Re8 23.Bf3 h6
24.Ng2 Nf8 25.h4 Bc8 26.g5 N6h7 27.Ne4 Bxb2 28.Qxb2 hxg5 29.hxg5 Bf5 30.Re1 Bxe4
31.Rxe4 Rxe4 32.Bxe4 f6  1/2-1/2

[Event "6th Mayors Cup 2013"]
[Site "Mumbai IND"]
[Date "2013.05.31"]
[Round "4"]
[White "Mchedlishvili,M"]
[Black "Papin,V"]
[Result "1/2-1/2"]
[WhiteElo "2645"]
[BlackElo "2552"]

1.Nf3 c5 2.c4 Nf6 3.Nc3 e6 4.g3 b6 5.Bg2 Bb7 6.O-O Be7 7.d4 cxd4 8.Qxd4 O-O
9.Rd1 d6 10.Bg5 Nc6 11.Qd2 Qb8 12.Rac1  1/2-1/2

[Event "Grand Europe Open Albena"]
[Site "Albena BUL"]
[Date "2013.06.02"]
[Round "2.1"]
[White "Shurygin,S"]
[Black "Lupulescu,C"]
[Result "0-1"]
[WhiteElo "2390"]
[BlackElo "2655"]

1.Nf3 Nf6 2.c4 c5 3.Nc3 d5 4.cxd5 Nxd5 5.d4 Nxc3 6.bxc3 g6 7.e4 Bg7 8.Be2 Nc6
9.Be3 Bg4 10.d5 Bxf3 11.gxf3 Bxc3+ 12.Kf1 Bxa1 13.Qxa1 Nd4 14.Bb5+ Kf8 15.Bxd4 cxd4
16.Qxd4 f6 17.h4 Qb6 18.Qc4 Qd6 19.Qa4 Rc8 20.Qxa7 Rc1+ 21.Kg2 Rxh1 22.Kxh1 Qf4
23.Kg2 Qxh4 24.Qa8+ Kg7 25.Qxb7 Qg5+ 26.Kf1 Qe5 27.a4 Qd6 28.Kg2 h5 29.a5 Rb8
30.Qc6 Qxc6 31.Bxc6 Rb3 32.a6 Ra3 33.Bb7 g5 34.Bc8 Kf8 35.Bb7 Ke8 36.Kg1 Kd8
37.Kg2 Kc7 38.Bc6 Rxa6 39.Be8 h4 40.Bh5 Kd6 41.f4 gxf4 42.Kh3 Ke5 43.f3 f5
44.exf5 Kxf5 45.Bg4+ Kg5 46.Be6 Ra1 47.Kg2 Ra2+ 48.Kg1 Rb2 49.Kf1 Kf6  0-1

[Event "35th Nezhmetdinov Cup"]
[Site "Kazan RUS"]
[Date "2013.06.02"]
[Round "3.4"]
[White "Kovalenko,I"]
[Black "Rozum,I"]
[Result "1-0"]
[WhiteElo "2596"]
[BlackElo "2482"]

1.c4 c5 2.Nf3 Nf6 3.Nc3 d5 4.cxd5 Nxd5 5.e3 e6 6.d4 cxd4 7.exd4 Be7 8.Bd3 Nc6
9.O-O O-O 10.Re1 a6 11.Be4 Bf6 12.a3 Nce7 13.Qd3 h6 14.h4 Nxc3 15.bxc3 Nf5
16.h5 Nd6 17.Bh7+ Kh8 18.Bf4 b5 19.Bxd6 Qxd6 20.Be4 Rb8 21.Qe3 Bb7 22.Bc2 Rfc8
23.Qd3 Kg8 24.Re3 Kf8 25.Qh7 Ke7 26.Bb3 Bd5 27.Bxd5 Qxd5 28.Ne5 Rc7 29.Rae1 Rbc8
30.Rg3 Kf8 31.Ree3 Qb3 32.Kh2 Qd1 33.Ref3 Qe2 34.Nxf7 Rxc3 35.Ne5 Rxf3 36.Qh8+ Ke7
37.Rxg7+  1-0

[Event "Grand Europe Open Albena"]
[Site "Albena BUL"]
[Date "2013.06.03"]
[Round "3.11"]
[White "Arnaudov,G"]
[Black "Georgescu,T"]
[Result "1/2-1/2"]
[WhiteElo "2490"]
[BlackElo "2375"]

1.c4 c5 2.Nf3 Nf6 3.Nc3 d5 4.cxd5 Nxd5 5.g3 Nc6 6.Bg2 g6 7.O-O Bg7 8.d3 O-O
9.Nxd5 Qxd5 10.Ng5 Qd7 11.Be3 b6 12.Qa4 Nb8 13.Qh4 h6 14.Nf3 h5 15.Rae1  1/2-1/2

[Event "35th Nezhmetdinov Cup"]
[Site "Kazan RUS"]
[Date "2013.06.03"]
[Round "4.18"]
[White "Rozum,I"]
[Black "Ayupov,D"]
[Result "1-0"]
[WhiteElo "2482"]
[BlackElo "2334"]

1.c4 Nf6 2.Nc3 c5 3.Nf3 e6 4.e3 d5 5.d4 Nc6 6.cxd5 exd5 7.Bb5 Bd6 8.O-O O-O
9.dxc5 Bxc5 10.b3 Bg4 11.Bb2 Rc8 12.Rc1 Bd6 13.Bxc6 bxc6 14.Ne2 Bxf3 15.gxf3 Re8
16.Ng3 Re6 17.Nf5 Nh5 18.f4 Rg6+ 19.Kh1 Nf6 20.Qf3 Bf8 21.Rg1 Ne4 22.Rxg6 hxg6
23.Ng3 Nc5 24.Qe2 Ne6 25.f5 gxf5 26.Nxf5 c5 27.Rg1 d4 28.Nh6+ Kh7 29.Nxf7 Qd5+
30.e4 Nf4 31.exd5 Nxe2 32.Re1 Re8 33.Kg2 Nf4+ 34.Kf1 Rxe1+ 35.Kxe1 Nd3+ 36.Ke2 Nxb2
37.d6 c4 38.Kd2 d3 39.Kc3 Kg6 40.d7 Bb4+ 41.Kxb4 d2 42.d8=Q d1=Q 43.Ne5+ Kf5
44.Qxd1 Nxd1 45.Nxc4 Nxf2 46.a4 g5 47.a5 a6 48.Kc3 Ke4 49.Nb6 Ng4 50.b4 Ne5
51.Na8 g4 52.Nc7 Kf3 53.Nxa6 Kg2 54.Nc5 Kxh2 55.Ne4 Kg2 56.a6 Nd7 57.a7 Nb6
58.Nf6 Kf3 59.Nxg4 Ke4 60.Nf6+  1-0

[Event "Grand Europe Open Albena"]
[Site "Albena BUL"]
[Date "2013.06.04"]
[Round "4.27"]
[White "Marholev,D"]
[Black "Givon,A"]
[Result "1/2-1/2"]
[WhiteElo "2329"]
[BlackElo "2415"]

1.Nf3 Nf6 2.c4 c5 3.Nc3 e6 4.g3 b6 5.Bg2 Bb7 6.O-O Be7 7.Re1 Ne4 8.Nxe4 Bxe4
9.d3 Bb7 10.e4 O-O 11.d4 cxd4 12.Nxd4 d6 13.b3 a6 14.Bb2 Nd7 15.f4 Re8 16.Qd2 Rf8
17.Kh1 Qc7 18.Rad1 Rad8 19.f5 e5 20.Nc2 b5 21.Ne3 Nc5 22.Nd5 Bxd5 23.cxd5 a5
24.f6 g6 25.Bc1 Ra8 26.Qf2 b4 27.g4 a4 28.Qh4 Nd7 29.Rd3 axb3 30.Rxb3 Rxa2
31.Rh3 Nxf6 32.Bg5 Qc2 33.Rg1 Ra3 34.Bxf6 Rxh3 35.Qxh3 b3 36.Bf1 Qxe4+ 37.Qg2 Qf4
38.g5 Rc8 39.Bd3 Rc3 40.Rf1 Qe3 41.Bb1 Rc4 42.Qg3 Qd2 43.Qf2 Qb4 44.Qb2 Rd4
45.Qf2 Qc4 46.Qg2 Rg4 47.Qh3 Qxd5+ 48.Qf3 Qc4 49.Bd3 Qe6 50.Qb7 Rd4 51.Be4 Qc4
52.Bg2 Rd2  1/2-1/2

[Event "FSGM June 2013"]
[Site "Budapest HUN"]
[Date "2013.06.04"]
[Round "4.3"]
[White "Franco Alonso,A"]
[Black "Andreev,Ed UKR"]
[Result "1/2-1/2"]
[WhiteElo "2487"]
[BlackElo "2498"]

1.c4 Nf6 2.Nf3 c5 3.Nc3 g6 4.e4 Nc6 5.d4 cxd4 6.Nxd4 Bg7 7.Be3 O-O 8.Be2 b6
9.Nb3 d6 10.O-O Bb7 11.Rc1 Rc8 12.Re1 Nd7 13.Bg5 Nce5 14.Nd2 Nc5  1/2-1/2

[Event "French Top 12 2013"]
[Site "Haguenau FRA"]
[Date "2013.06.04"]
[Round "6.8"]
[White "Draillard,M"]
[Black "Benmesbah,N"]
[Result "0-1"]
[WhiteElo "1853"]
[BlackElo "2237"]

1.Nf3 Nf6 2.c4 c5 3.Nc3 e6 4.d4 cxd4 5.Nxd4 Bb4 6.Qc2 O-O 7.a3 Bxc3+ 8.Qxc3 d5
9.Bg5 e5 10.Bxf6 Qxf6 11.Nb5 d4 12.Qg3 Qe7 13.Rd1 a6 14.Nxd4 exd4 15.Rxd4 Nc6
16.Rd1 Bf5 17.e3 Rad8 18.Rd5 Be4 19.Rxd8 Qxd8 20.Be2 Qa5+ 21.Kf1 Qd2 22.Qg4 Qc1+  0-1

[Event "Grand Europe Open Albena"]
[Site "Albena BUL"]
[Date "2013.06.07"]
[Round "7.24"]
[White "Arnaudov,G"]
[Black "Dimov,Di"]
[Result "1-0"]
[WhiteElo "2490"]
[BlackElo "2304"]

1.c4 Nf6 2.Nf3 c5 3.Nc3 b6 4.d4 cxd4 5.Nxd4 Bb7 6.f3 d6 7.e4 e6 8.Be2 Be7
9.Be3 O-O 10.O-O a6 11.Qd2 Nbd7 12.Kh1 Rc8 13.Rfc1 Re8 14.a4 Bf8 15.a5 d5
16.cxd5 exd5 17.Nxd5 Rxc1+ 18.Rxc1 Nxd5 19.exd5 b5 20.Nc6 Qa8 21.f4 Nf6 22.Bf3 Ne4
23.Qd3 f5 24.g4 Nd6 25.h3 g6 26.Bd4 Ne4 27.Kh2 Bh6 28.g5 Bf8 29.h4 h5 30.Be5 Nd6
31.b3 Rc8 32.Bb2 Rc7 33.Re1 Bc8 34.Qd4 Bg7 35.Qb6 Qb7 36.Bxg7 Qxb6 37.axb6 Rxg7
38.Na5 Kf7 39.Rc1  1-0

[Event "French Top 12 2013"]
[Site "Haguenau FRA"]
[Date "2013.06.07"]
[Round "9.5"]
[White "Pelletier,Y"]
[Black "Tranchant,S"]
[Result "1/2-1/2"]
[WhiteElo "2599"]
[BlackElo "2258"]

1.Nf3 c5 2.c4 Nf6 3.Nc3 d5 4.cxd5 Nxd5 5.e4 Nb4 6.d3 Bg4 7.Be3 e6 8.Rc1 N4c6
9.Be2 Be7 10.O-O O-O 11.Qb3 b6 12.Rfd1 e5 13.Rd2 Be6 14.Qa4 h6 15.h3 Bd6
16.Bd1 Nd4 17.Bxd4 exd4 18.Ne2 Bd7 19.Qc2 Nc6 20.Qb1 Rc8 21.Ba4 f5 22.exf5 Rxf5
23.Ng3 Rxf3 24.gxf3 Bf4 25.Re2 Ne5 26.Rxe5 Bxe5 27.Bxd7 Qxd7 28.Kg2 Rf8 29.Qc2 Kh8
30.Re1 Bxg3 31.fxg3 Qf7 32.f4 Qxa2 33.Re5 Qf7 34.Qe2 Qb7+ 35.Kh2 Rf7 36.h4 Qc6
37.Re6  1/2-1/2

[Event "43rd Open A Bosna 2013"]
[Site "Sarajevo BIH"]
[Date "2013.06.07"]
[Round "8.4"]
[White "Banusz,T"]
[Black "Antipov,M2"]
[Result "1/2-1/2"]
[WhiteElo "2592"]
[BlackElo "2478"]

1.c4 c5 2.Nf3 Nf6 3.Nc3 b6 4.g3 Bb7 5.Bg2 e6 6.O-O a6 7.d4 cxd4 8.Qxd4 d6
9.Rd1 Nbd7 10.b3 Be7 11.e4 Qc7 12.Ba3 Nc5 13.e5 dxe5 14.Qxe5 Qxe5 15.Nxe5 Bxg2
16.Kxg2 Rc8 17.f4 Nfd7 18.Bxc5 Nxc5 19.b4 Nb7 20.Na4 b5 21.Nb6 Rc7 22.cxb5 axb5
23.Rac1 Rxc1 24.Rxc1 Bxb4 25.Rb1 Bc3 26.Rxb5 Bxe5 27.Nc4 Bd4 28.Rxb7 O-O
29.Rd7 Bc3 30.a4 g6 31.a5 Rc8 32.Nd6 Ra8 33.Nxf7 Rxa5 34.Ng5 Ra6 35.Nxh7 e5
36.Ng5 exf4 37.gxf4 Ra2+ 38.Kg3 Be1+ 39.Kh3 Re2 40.Nf3 Bc3 41.Nh4 Re6 42.Kg4 Bb4
43.Nf3 Bf8 44.Ne5 Bg7 45.Rd8+ Kh7 46.Nf3 Bf6 47.Rd7+ Kg8 48.Rd2 Ra6 49.Rc2 Kg7
50.h4 Ra5 51.Rc7+ Kg8 52.Rd7 Rb5 53.Rd3 Ra5 54.Nd2 Rh5 55.Nf3 Ra5 56.Rd6 Kg7
57.Rd7+ Kg8 58.Rd3 Kg7 59.Ng5 Bxg5 60.hxg5 Ra4 61.Kf3 Rb4 62.Ke3 Kf7 63.Rd6 Ra4
64.Kf3 Rb4 65.Rd7+ Kg8 66.Ke3 Ra4 67.Rd4 Ra1 68.Rb4 Kg7 69.Rb7+ Kg8 70.Ke4 Re1+
71.Kd5 Re2 72.Rb6 Kf7 73.Rf6+ Kg7 74.Ra6 Re1 75.Rb6 Re2 76.Rc6 Re1 77.Rc4 Kf7
78.Rc7+ Kg8 79.Rd7 Re2 80.Ra7 Re1 81.Ra6 Kf7 82.Rf6+ Kg7 83.Re6 Ra1 84.Re4 Ra5+
85.Ke6 Ra6+ 86.Kd7 Ra7+ 87.Kc6 Ra6+ 88.Kb5 Ra1 89.Kc4 Ra4+ 90.Kd3 Ra3+ 91.Ke2 Rb3
92.Re3 Rb4 93.Kf3 Ra4 94.Rd3 Rb4 95.Ke3 Ra4 96.Rd4 Ra5 97.Ke4 Ra7 98.Rd8 Re7+
99.Kd5 Re1 100.Rd7+ Kg8 101.Rd6 Kf7 102.Rf6+ Kg7 103.Kd6 Re4 104.Kd5 Re1
105.Re6 Ra1 106.Ke4  1/2-1/2

[Event "FSGM June 2013"]
[Site "Budapest HUN"]
[Date "2013.06.08"]
[Round "7.3"]
[White "Franco Alonso,A"]
[Black "Akesson,R"]
[Result "0-1"]
[WhiteElo "2487"]
[BlackElo "2449"]

1.c4 c5 2.Nc3 Nf6 3.Nf3 e6 4.g3 b6 5.Bg2 Bb7 6.O-O Be7 7.d4 cxd4 8.Qxd4 d6
9.Bg5 a6 10.Bxf6 Bxf6 11.Qf4 O-O 12.Rfd1 Be7 13.Ne4 Bxe4 14.Qxe4 Ra7 15.Nd4 Rc7
16.b3 Re8 17.Qe3 Bf8 18.a4 Rc5 19.Ra2 Qc8 20.Qd2 Qc7 21.e3 Rc8 22.h3 Nd7
23.Kh2 Nf6 24.a5 bxa5 25.Rda1 d5 26.cxd5 Nxd5 27.Rxa5 Rxa5 28.Qxa5 Nb4 29.Qxc7 Rxc7
30.Bf1 Rb7 31.Rc1 g6 32.Rc8 Kg7 33.Bc4 Be7 34.Ra8 Bc5 35.Bxe6 Bxd4  0-1

[Event "43rd Open A Bosna 2013"]
[Site "Sarajevo BIH"]
[Date "2013.06.08"]
[Round "9.12"]
[White "Forsberg,V"]
[Black "Jakovljevic,Vlado"]
[Result "1-0"]
[WhiteElo "2286"]
[BlackElo "2440"]

1.Nf3 c5 2.c4 Nf6 3.Nc3 e6 4.g3 b6 5.Bg2 Bb7 6.O-O d6 7.d4 cxd4 8.Qxd4 Be7
9.Rd1 a6 10.e4 Nbd7 11.b3 Qc7 12.Ba3 Nc5 13.e5 dxe5 14.Qxe5 Qc8 15.Qe3 O-O
16.Na4 Bxf3 17.Qxf3 Rb8 18.Nxc5 bxc5 19.Rd2 Rd8 20.Rad1 Rxd2 21.Rxd2 Qc7
22.Bb2 h6 23.Bc3 Kf8 24.Qc6 Qxc6 25.Bxc6 Rc8 26.Bb7 Rc7 27.Bg2 Nd7 28.Ba5 Ra7
29.Bc6 Ne5 30.Bg2 Nd7 31.f4 Bf6 32.Rd6 Ke7 33.Rc6 Bd4+ 34.Kf1 f5 35.Rc8 g5
36.Bd8+ Kf7 37.fxg5 hxg5 38.Bxg5 Nf6 39.Ra8 Rd7 40.Bc6 Rd6 41.Rxa6 Ne4 42.Bf4 e5
43.Bc1 Kg7 44.Ra7+ Kh8 45.Bd7 f4 46.gxf4 exf4 47.Kg2 Be5 48.Bf5 Ng5 49.h4 Rd1
50.Bxf4 Bxf4 51.hxg5 Bxg5 52.Kf3 Rd4 53.Be4 Bc1 54.Ra5 Rd2 55.Rxc5 Rxa2 56.Rc7 Rd2
57.b4 Rb2 58.b5 Rb3+ 59.Kg4 Kg8 60.Kf5 Kf8 61.Ke6 Be3 62.Rc8+ Kg7 63.Bd5 Bg1
64.Kd6 Bh2+ 65.Kc6 Bg1 66.Rg8+  1-0

[Event "Grand Europe Open Albena"]
[Site "Albena BUL"]
[Date "2013.06.09"]
[Round "9.6"]
[White "Lupulescu,C"]
[Black "Enchev,I"]
[Result "1-0"]
[WhiteElo "2655"]
[BlackElo "2473"]

1.c4 c5 2.Nf3 Nf6 3.Nc3 d5 4.cxd5 Nxd5 5.d4 Nxc3 6.bxc3 e6 7.a3 Be7 8.e4 O-O
9.Bd3 b6 10.Qe2 Bb7 11.O-O Qc8 12.d5 exd5 13.exd5 Bf6 14.Ng5 Bxg5 15.Bxg5 Bxd5
16.Be7 Bc6 17.Bxf8 Qxf8 18.Be4 Bxe4 19.Qxe4 Nd7 20.Rfe1 Nf6 21.Qb7 h6 22.h3 c4
23.Rad1 a5 24.a4 Rb8 25.Qc7 Qc8 26.Re7  1-0

[Event "2nd Server24 Open"]
[Site "Ortisei ITA"]
[Date "2013.06.09"]
[Round "9.13"]
[White "Saravanan,V1"]
[Black "Oussedik,E"]
[Result "1-0"]
[WhiteElo "2371"]
[BlackElo "2058"]

1.Nf3 Nf6 2.c4 c5 3.Nc3 b6 4.g3 Bb7 5.Bg2 e6 6.O-O d6 7.Re1 a6 8.e4 Qc7 9.d4 cxd4
10.Nxd4 Be7 11.Be3 O-O 12.Rc1 Nbd7 13.f4 Rfe8 14.g4 Nc5 15.Bf2 g6 16.b4 Rad8
17.Qe2 Ncd7 18.Nd5 exd5 19.cxd5 Qb8 20.Nc6 Qa8 21.Bd4 h5 22.g5 Nh7 23.h4 Rc8
24.e5 Bf8 25.Bh3 Rxc6 26.dxc6 Bxc6 27.Qc2 dxe5 28.Qxc6 exd4 29.Qxa8 Rxa8
30.Bxd7 Bxb4 31.Re8+ Rxe8 32.Bxe8 Nf8 33.Kg2 Bc5 34.Kf3 Ne6 35.Ke4 Kf8 36.Bc6 Ke7
37.f5 Nd8 38.fxg6 fxg6 39.Bd5 a5 40.Rf1 Bd6 41.Rf6 Bg3 42.Rxb6 Bxh4 43.Rxg6  1-0

[Event "Portuguese Honra A 2013"]
[Site "Sintra POR"]
[Date "2013.06.09"]
[Round "2.5"]
[White "Preto,Daniel Filipe Rodrigues"]
[Black "Morais,V"]
[Result "1/2-1/2"]
[WhiteElo "2020"]
[BlackElo "1992"]

1.c4 c5 2.Nc3 Nf6 3.Nf3 d5 4.cxd5 Nxd5 5.d3 Nc6 6.g3 Nc7 7.Bg2 e5 8.O-O Be7
9.Be3 O-O 10.Rc1 Rb8 11.Ne4 b6 12.Nfd2 Nd5 13.Nc4 Nxe3 14.Nxe3 Nd4 15.Nd5 Be6
16.Nec3 Rc8 17.e3 Nc6 18.Qa4 Qd7 19.Rfd1 Rfd8 20.a3 Bf8 21.f4 f6 22.fxe5 fxe5
23.Qh4 Be7 24.Nxe7+ Qxe7 25.Qh5 g6 26.Qh6 Bb3 27.Rd2 Na5 28.Rf1 Qg7 29.Qh4 Rf8
30.Rdf2 Rxf2 31.Rxf2 Rf8 32.Ne4 Rxf2 33.Kxf2 Qf7+ 34.Ke2 Be6 35.Qd8+ Kg7
36.Qg5 Qf5  1/2-1/2

[Event "27th Pula Open 2013"]
[Site "Pula CRO"]
[Date "2013.06.11"]
[Round "4.12"]
[White "Tratar,M"]
[Black "Mihalinec,D"]
[Result "1-0"]
[WhiteElo "2508"]
[BlackElo "2244"]

1.Nf3 Nf6 2.c4 c5 3.Nc3 g6 4.e4 Bg7 5.d4 cxd4 6.Nxd4 O-O 7.Be3 Nc6 8.Be2 d6
9.O-O Ng4 10.Bxg4 Bxg4 11.Nxc6 Bxd1 12.Nxd8 Bg4 13.Nxb7 a5 14.Nd5 Rfb8 15.Nc7 Bc8
16.Nd8  1-0

[Event "2nd Grand Europe Open 2013"]
[Site "Golden Sands BUL"]
[Date "2013.06.13"]
[Round "4.4"]
[White "Vidit,S"]
[Black "Paravyan,D"]
[Result "1/2-1/2"]
[WhiteElo "2554"]
[BlackElo "2373"]

1.Nf3 Nf6 2.c4 c5 3.Nc3 e6 4.g3 b6 5.Bg2 Bb7 6.O-O Be7 7.b3 d5 8.e3 dxc4
9.bxc4 Ne4 10.Nxe4 Bxe4 11.Ne5 Bxg2 12.Kxg2 Bf6 13.Qa4+ Nd7 14.Nxd7 Qxd7
15.Qxd7+ Kxd7 16.Rb1 Kc6 17.a4 a6 18.Bb2 Rhd8 19.Bxf6 gxf6 20.Rb2 Rd3 21.Ra1 Rad8
22.Rab1 Rb8 23.Ra1 Rbd8 24.Raa2 a5 25.Kf3 R8d6 26.Ke2  1/2-1/2

[Event "2nd Grand Europe Open 2013"]
[Site "Golden Sands BUL"]
[Date "2013.06.13"]
[Round "4.15"]
[White "Georgiev,Vl"]
[Black "Givon,A"]
[Result "1-0"]
[WhiteElo "2532"]
[BlackElo "2415"]

1.Nf3 Nf6 2.c4 c5 3.Nc3 e6 4.e3 a6 5.b3 d5 6.Bb2 Nc6 7.d4 Be7 8.dxc5 Bxc5
9.cxd5 exd5 10.Bd3 O-O 11.O-O Ba7 12.h3 d4 13.exd4 Nxd4 14.Ne4 Nxe4 15.Bxe4 Ne6
16.Qc2 h6 17.Rfd1 Qe7 18.Rac1 Re8 19.Re1 Qf8 20.Ne5 Nd4 21.Qd3 Rxe5 22.Bh7+ Kh8
23.Rxe5 Nc6 24.Rh5 f6  1-0

[Event "2nd Grand Europe Open 2013"]
[Site "Golden Sands BUL"]
[Date "2013.06.14"]
[Round "5.54"]
[White "Gorbatov,A"]
[Black "Gireman,J"]
[Result "1/2-1/2"]
[WhiteElo "2350"]
[BlackElo "2186"]

1.c4 Nf6 2.Nf3 g6 3.Nc3 c5 4.d4 cxd4 5.Nxd4 Bg7 6.e4 Nc6 7.Be3 Ng4 8.Qxg4 Nxd4
9.Qd1 Nc6 10.Rc1 O-O 11.Be2 d6 12.O-O Bd7 13.Qd2 Ne5 14.f4 Nc6 15.Bf3 Qa5
16.Rfd1 Rfd8 17.a3 Be6 18.Nd5 Qxd2 19.Rxd2 Rac8 20.b4 Kf8 21.Kf2 b6 22.g4 Nb8
23.Rcc2 Na6 24.g5 Nc7 25.Be2 Nxd5 26.cxd5 Rxc2 27.Rxc2 Rc8 28.Rxc8+ Bxc8
29.Bc1 Bd4+ 30.Kg3 Bc3 31.Bb5 f5 32.Bd3 e6 33.exf5 exf5 34.Be3 Bd7 35.b5 Bb2
36.a4 Bc3 37.Bf2 Ke8 38.h4 Kd8 39.h5 Kc7 40.Be2 Be8 41.h6 Bd7 42.Kf3 Be8
43.Ke3 Bh8 44.Kd3 Kb7  1/2-1/2

[Event "2nd Grand Europe Open 2013"]
[Site "Golden Sands BUL"]
[Date "2013.06.15"]
[Round "6.45"]
[White "Cvetkovic,Sr"]
[Black "Canbulan,A"]
[Result "1-0"]
[WhiteElo "2387"]
[BlackElo "1854"]

1.c4 c5 2.Nf3 Nf6 3.Nc3 g6 4.e4 d6 5.d4 cxd4 6.Nxd4 Nc6 7.Be2 Nxd4 8.Qxd4 Bg7
9.Be3 O-O 10.Qd2 Ng4 11.Bxg4 Bxg4 12.Bh6 Re8 13.Bxg7 Kxg7 14.f4 e5 15.O-O Qb6+
16.Rf2 Qd4 17.f5 Qxd2 18.Rxd2 gxf5 19.h3 Bh5 20.exf5 f6 21.g4 Bf7 22.b3 Rad8
23.Rad1 e4 24.Rxd6 Rxd6 25.Rxd6 e3 26.Kf1 h5 27.Ke2  1-0

[Event "ch-FIN 2013"]
[Site "Mantta FIN"]
[Date "2013.06.16"]
[Round "7.2"]
[White "Ebeling,D"]
[Black "Nyysti,S"]
[Result "1-0"]
[WhiteElo "2368"]
[BlackElo "2360"]

1.Nf3 Nf6 2.c4 c5 3.Nc3 e6 4.g3 b6 5.Bg2 Bb7 6.O-O d6 7.Re1 Nbd7 8.e4 Be7
9.d4 cxd4 10.Nxd4 Qc7 11.Ndb5 Qb8 12.Nd5 exd5 13.exd5 Kf8 14.Qe2 Qd8 15.Nd4 Ne8
16.Nc6 Bxc6 17.dxc6 Ne5 18.f4 Ng6 19.Be3 h5 20.h3 Bf6 21.Rac1 Rc8 22.Red1 Qe7
23.Kf2 Qc7 24.b4 Ne7 25.b5 Nf5 26.Bf3 Qe7 27.Bd2 Bd4+ 28.Kg2 Qxe2+ 29.Bxe2 Ne3+
30.Bxe3 Bxe3 31.Ra1 Bc5 32.a4 Ke7 33.Bf3 g6 34.Re1+ Kf8 35.Re2 Ng7 36.Bd5 Nf5
37.Rae1 Bb4 38.Rb1 Bc3 39.Rc1 Bd4 40.Rce1 Bf6 41.g4 Nh4+ 42.Kf1 hxg4 43.hxg4 g5
44.f5 Kg7 45.Re7 Bxe7 46.Rxe7 Rhf8 47.Rxa7 Ra8 48.Rxa8 Rxa8 49.a5  1-0

[Event "7th Srebrno Jezero Open 2013"]
[Site "Srebrno jezero SRB"]
[Date "2013.06.16"]
[Round "4.2"]
[White "Govedarica,R"]
[Black "Tosic,M"]
[Result "1/2-1/2"]
[WhiteElo "2414"]
[BlackElo "2411"]

1.c4 c5 2.Nf3 Nf6 3.Nc3 d5 4.cxd5 Nxd5 5.g3 Nc6 6.Bg2 Nc7 7.d3 e5 8.O-O Be7
9.Nd2 O-O 10.Bxc6 bxc6 11.Nc4 f6 12.Qa4  1/2-1/2

[Event "2nd Grand Europe Open 2013"]
[Site "Golden Sands BUL"]
[Date "2013.06.17"]
[Round "8.4"]
[White "Arun Prasad,S"]
[Black "Solodovnichenko,Y"]
[Result "1-0"]
[WhiteElo "2522"]
[BlackElo "2565"]

1.Nf3 c5 2.c4 Nf6 3.Nc3 e6 4.g3 b6 5.Bg2 Bb7 6.O-O Be7 7.Re1 d6 8.e4 a6 9.d4 cxd4
10.Nxd4 Qc7 11.Be3 Nbd7 12.f4 h5 13.h3 g6 14.Rc1 Rc8 15.Bf2 O-O 16.f5 e5
17.Nd5 Qd8 18.Nb3 Nxd5 19.exd5 Bg5 20.Rc3 b5 21.cxb5 Rxc3 22.bxc3 axb5 23.Qd3 Qa8
24.fxg6 Kg7 25.Qf5 Qd8 26.Be4 f6 27.h4 Bh6 28.Na5 Bc8 29.Nc6 Qc7 30.Kg2 Nc5
31.Qxh5 Nxe4 32.Rxe4 f5 33.Rb4 Rf6 34.Rxb5 Rxg6 35.Ra5 Qf7 36.Ra7 Bb7 37.Qd1 Kg8
38.c4 f4 39.Nd8 Qg7 40.Rxb7 Rxg3+ 41.Kf1 Qf6 42.Qh5 e4 43.Qf7+ Qxf7 44.Nxf7 Rg6
45.Nxh6+ Rxh6 46.Re7 e3 47.Be1 Rg6 48.a4  1-0